Từ điển nhân vật lịch sử Việt Nam /
Đã lưu trong:
| 主要作者: | |
|---|---|
| 其他作者: | |
| 格式: | Sách giấy |
| 語言: | Vietnamese |
| 出版: |
Hà Nội :
Khoa học Xã hội,
1991.
|
| 主題: | |
| 標簽: |
添加標簽
沒有標簽, 成為第一個標記此記錄!
|
| Thư viện lưu trữ: | Thư viện Trường Đại học Đà Lạt |
|---|
| LEADER | 00746nam a2200289 4500 | ||
|---|---|---|---|
| 001 | DLU020004366 | ||
| 005 | ##19990605 | ||
| 040 | # | # | |a DLU |b vie |
| 041 | # | # | |a vie |
| 044 | # | # | |a vn |
| 082 | # | # | |a 920.059 73 |b NG-T |
| 100 | # | # | |a Nguyễn Q. Thắng. |
| 245 | # | # | |a Từ điển nhân vật lịch sử Việt Nam / |c Nguyễn Q. Thắng, Nguyễn Bá Thế. |
| 260 | # | # | |a Hà Nội : |b Khoa học Xã hội, |c 1991. |
| 300 | # | # | |a 1128 tr. ; |c 21 cm. |
| 650 | # | # | |a Nhân vật |z Việt Nam |v Từ điển. |
| 700 | # | # | |a Nguyễn Bá Thế. |
| 992 | # | # | |a 32000 |
| 994 | # | # | |a DLU |
| 998 | # | # | |a TK |
| 900 | # | # | |a False |
| 911 | # | # | |a Administrator |
| 925 | # | # | |a G |
| 926 | # | # | |a A |
| 927 | # | # | |a SH |
| 980 | # | # | |a Thư viện Trường Đại học Đà Lạt |